| 000 | 00968cab a2200301 4500 | ||
|---|---|---|---|
| 001 | ABS59899 | ||
| 008 | 090401t1999 xxu||||| |||| 00| 0 eng d | ||
| 035 | _a(Sirsi) u90883 | ||
| 041 | _aeng | ||
| 100 | _aMorgan, H. | ||
| 245 | _aCoping with smoke in atria | ||
| 260 | _c1999 | ||
| 350 | _a0 | ||
| 490 |
_aArchitects` Journal _v209(3) 21 January 1999, 37-39(3) |
||
| 520 | _aIt can be thought that having energy-saving natural ventilation in atria can conflict with smoke control measures. This article examines smoke-control strategies for buildings with an atrium. | ||
| 650 | _aATRIA | ||
| 650 | _aATRIUM BUILDINGS | ||
| 650 | _aENERGY EFFICIENCY | ||
| 650 | _aENVIRONMENTAL VENTILATION | ||
| 650 | _aMANAGEMENT-HEALTH AND SAFETY-FIRE SAFETY | ||
| 650 | _aSMOKE CONTROL | ||
| 650 | _aVENTILATION | ||
| 690 | _aBUILT ENVIRONMENT-CONSTRUCTION DESIGN | ||
| 700 | _aWilliams, C. | ||
| 700 | _aPerera, E. | ||
| 942 | _n0 | ||
| 948 | _c25/01/1999 | ||
| 999 |
_c57654 _d57654 |
||